Rebelión en la granja /

En el momento en que se publicó esta novela (1945), el mundo comenzaba a levantarse tras el desastre de la Segunda Guerra Mundial. Geoge Orwell, escritor británico, observaba con recelo el fortalecimiento de la URSS bajo el mandato de Stalin, y concibió esta despiadada sátira para poner al descubier...

Full description

Bibliographic Details
Main Author: Orwell, George
Format: Libro
Language:Spanish
Published: Santiago, Chile Planeta 2013
Subjects:
Online Access:

MARC

LEADER 00000cam a2200000 a 4500
001 021130
003 UAHC_CL
005 20170803121946.0
008 170503s2013 cl 000 1 spa
020 |a 9789563161373 
040 |a UAHC_CL  |c UAHC_CL  |d UAHC_CL 
082 0 4 |a 823  |b O79  |2 20 
100 1 |a Orwell, George 
245 1 0 |a Rebelión en la granja /  |c de George Orwell. 
260 |b Planeta  |c 2013  |a Santiago, Chile 
300 |a 126 p. 
520 |a En el momento en que se publicó esta novela (1945), el mundo comenzaba a levantarse tras el desastre de la Segunda Guerra Mundial. Geoge Orwell, escritor británico, observaba con recelo el fortalecimiento de la URSS bajo el mandato de Stalin, y concibió esta despiadada sátira para poner al descubierto su totalitarismo y corrupción. Sin embargo, el mensaje de Rebelión en la Granja superó con creces el propósito inicial de su autor para convertirse en el clásico de la literatura universal, en la medida que Orwell logra penetrar en la contracara del poder a través de un argumento ágil y extraordinariamente atractivo. 
650 4 |a NOVELAS INGLESAS 
900 |a 823 ORW 
942 |c BK 
952 |0 0  |1 0  |4 0  |6 823_000000000000000_ORW  |7 0  |8 General  |9 42083  |a BC  |b BC  |c General  |d 2017-08-03  |l 7  |m 6  |o 823 ORW  |p 1359752  |r 2026-01-12 09:37:42  |s 2025-08-20  |t 1  |w 2017-08-03  |y BK 
999 |c 21130  |d 21130